The growth of industrial economies
Saved in:
| Main Author: | |
|---|---|
| Format: | Book |
| Language: | English German |
| Published: |
Manchester, Eng. :
Manchester University Press,
c1958.
|
| Subjects: |
| LEADER | 01024cam#a22002771a#4500 | ||
|---|---|---|---|
| 001 | 019305 | ||
| 003 | AR-BeUNQ | ||
| 005 | 20240618113301.0 | ||
| 008 | 071026s1958####enka#####b####001#0#eng## | ||
| 999 | |c 19210 |d 94597 | ||
| 040 | |a DLC |d OCoLC |e aacr | ||
| 041 | 1 | |a ng |h ger | |
| 082 | 0 | 4 | |a 330.9 |
| 100 | 1 | |a Hoffmann, Walther G |d 1903- | |
| 245 | 1 | 3 | |a The growth of industrial economies |c by W. G. Hoffmann; Translated from the German by W. O. Henderson and W. H. Chaloner. |
| 260 | |a Manchester, Eng. : |b Manchester University Press, |c c1958. | ||
| 300 | |a 183 p. : |b il. ; |c 23 cm. | ||
| 500 | |a Traducción de: "a revised and expanded version of Stadien und Typen der Industrialisierung." | ||
| 504 | |a Incluye referencias bibliográficas e índice. | ||
| 650 | 7 | |a Industrialización |2 Spines | |
| 650 | 7 | |a Desarrollo industrial |2 Spines | |
| 650 | 7 | |a Desarrollo económico |2 Spines | |
| 653 | |a Siglo XIX | ||
| 653 | |a Siglo XX | ||
| 929 | |a DONACION |b Martha Blanco de Dieguez |d 0 |e 20040830 |f PAT0019991 |j 41014 |i 20240618 | ||
| 942 | |c LIB |n 0 | ||